<?xml version="1.0" encoding="UTF-8"?>
<collection xmlns="http://www.loc.gov/MARC21/slim">
 <record>
  <leader>04958nam a2200373 a 4500</leader>
  <controlfield tag="001">kal1668</controlfield>
  <controlfield tag="003">Gr-AtHEAL</controlfield>
  <controlfield tag="005">20160503215451.0</controlfield>
  <controlfield tag="006">m        d        </controlfield>
  <controlfield tag="008">160413s2015    gr      s           gre|c</controlfield>
  <datafield tag="020" ind1=" " ind2=" ">
   <subfield code="a">9789606032875</subfield>
  </datafield>
  <datafield tag="040" ind1=" " ind2=" ">
   <subfield code="a">GR-AtHEAL</subfield>
   <subfield code="b">gre</subfield>
   <subfield code="c">GR-AtHEAL</subfield>
  </datafield>
  <datafield tag="082" ind1="0" ind2="4">
   <subfield code="a">515</subfield>
   <subfield code="2">23</subfield>
  </datafield>
  <datafield tag="100" ind1="1" ind2=" ">
   <subfield code="a">Κιζήρογλου, Μιχαήλ.</subfield>
   <subfield code="8">1029</subfield>
  </datafield>
  <datafield tag="245" ind1="1" ind2="0">
   <subfield code="a">Λογισμός για μηχανικούς</subfield>
   <subfield code="h">[Ηλεκτρονικός πόρος] </subfield>
   <subfield code="b">Θεωρία και μεθοδολογία επίλυσης προβλημάτων</subfield>
   <subfield code="c">Κιζήρογλου, Μιχαήλ ; Κριτικός αναγνώστης,Γεωργίου, Δημήτριος ; Τεχνική επιμέλεια,Ζήνας, Νικόλαος ; Γλωσσική επιμέλεια,Τσιαδήμου, Αναστασία.</subfield>
  </datafield>
  <datafield tag="260" ind1=" " ind2=" ">
   <subfield code="a">Αθήνα :</subfield>
   <subfield code="b">Σύνδεσμος Ελληνικών Ακαδημαϊκών Βιβλιοθηκών,</subfield>
   <subfield code="c">c2015.</subfield>
  </datafield>
  <datafield tag="490" ind1=" " ind2=" ">
   <subfield code="a">Ακαδημαϊκά Ηλεκτρονικά Συγγράμματα και Βοηθήματα Κάλλιπος</subfield>
   <subfield code="8">40</subfield>
  </datafield>
  <datafield tag="520" ind1=" " ind2=" ">
   <subfield code="a">Στο βιβλίο αυτό παρουσιάζεται μια συστηματική εισαγωγή στον διαφορικό και ολοκληρωτικό λογισμό. Δίνεται ιδιαίτερη έμφαση στις βασικές έννοιες και ορισμούς, προσφέροντας έτσι τη δυνατότητα βαθιάς κατανόησης των εννοιών της παραγώγου και του ολοκληρώματος, σε άμεση αντιστοίχηση με φυσικά μεγέθη και φαινόμενα, καθώς και με προβλήματα μηχανικών. Για τον σκοπό αυτό, αναλύονται με δομημένη ιεράρχιση, διάφορα είδη προβλημάτων που προκύπτουν, ιδιαίτερα από τους βασικούς ορισμόυς της έννοιας της συνάρτησης, των διάφορων ειδών συναρτήσεων, της μονοτονίας και των ακροτάτων. Με τον τρόπο αυτό επιτυγχάνεται η θεμελίωση του διαφορικού λογισμού σε στέρεες βάσεις, όταν έχει ωριμάσει η κατανόηση της αναγκαιότητας και χρησιμότητας των ορισμών του ορίου και του ρυθμού μεταβολής. Με βάση το υπόβαθρο αυτό, γίνεται η εισαγωγή στον ολοκληρωτικό λογισμό. Η παρατιθέμενη ύλη συμπληρώνεται με δύο κεφάλαια αφιερωμένα στην επέκταση του λογισμού σε πρακτικά προβλήματα στον χώρο και τον χρόνο και στην επίλυση βασικών διαφορικών εξισώσεων.Η φιλοδοξία του βιβλίου αυτού είναι να προσφέρει ένα εμπεριστατωμένο υπόβαθρο γνώσεων και δεξιοτήτων επίλυσης προβλημάτων, ώστε να επιτυγχάνεται η βαθιά κατανόηση των βασικών ορισμών του λογισμού, με άμεση επίγνωση της αναγκαιότητάς τους στην κατανόηση και χρήση φυσικών φαινομένων. Σκοπός είναι η εδραίωση της θεωρίας του λογισμού ώς εργαλείο άμεσης επίλυσης πρακτικών προβλημάτων, αλλά και καλλιέργειας της διαισθητικής προσέγγισης από την πλευρά του μηχανικού.</subfield>
  </datafield>
  <datafield tag="650" ind1=" " ind2="0">
   <subfield code="a">Calculus</subfield>
   <subfield code="8">1907</subfield>
  </datafield>
  <datafield tag="653" ind1=" " ind2=" ">
   <subfield code="a">Προβλήματα μηχανικής</subfield>
  </datafield>
  <datafield tag="653" ind1=" " ind2=" ">
   <subfield code="a">Μεθοδολογία</subfield>
  </datafield>
  <datafield tag="653" ind1=" " ind2=" ">
   <subfield code="a">Ολοκληρωτικός</subfield>
  </datafield>
  <datafield tag="653" ind1=" " ind2=" ">
   <subfield code="a">Διαφορικός</subfield>
  </datafield>
  <datafield tag="653" ind1=" " ind2=" ">
   <subfield code="a">Λογισμός</subfield>
  </datafield>
  <datafield tag="653" ind1=" " ind2=" ">
   <subfield code="a">Μαθηματικά</subfield>
   <subfield code="a">Μαθηματική εκπαίδευση (διδακτική μαθηματικών)</subfield>
  </datafield>
  <datafield tag="653" ind1=" " ind2=" ">
   <subfield code="a">Μαθηματικά</subfield>
   <subfield code="a">Συναρτησιακές εξισώσεις και εξισώσεις διαφορών</subfield>
  </datafield>
  <datafield tag="653" ind1=" " ind2=" ">
   <subfield code="a">Μαθηματικά</subfield>
   <subfield code="a">Πραγματικές συναρτήσεις</subfield>
  </datafield>
  <datafield tag="653" ind1=" " ind2=" ">
   <subfield code="a">Μαθηματικά</subfield>
  </datafield>
  <datafield tag="700" ind1="1" ind2=" ">
   <subfield code="a">Γεωργίου, Δημήτριος</subfield>
   <subfield code="e">Κριτικός αναγνώστης</subfield>
   <subfield code="8">1030</subfield>
  </datafield>
  <datafield tag="856" ind1="4" ind2="0">
   <subfield code="u">http://hdl.handle.net/11419/1668</subfield>
   <subfield code="z">Πλήρες Κείμενο - Full text</subfield>
  </datafield>
  <datafield tag="907" ind1=" " ind2=" ">
   <subfield code="a">.b25679351</subfield>
   <subfield code="b">12-06-18</subfield>
   <subfield code="c">29-07-16</subfield>
  </datafield>
  <datafield tag="949" ind1=" " ind2=" ">
   <subfield code="0">0</subfield>
   <subfield code="1">0</subfield>
   <subfield code="2">ddc</subfield>
   <subfield code="4">0</subfield>
   <subfield code="6">515_000000000000000_ΚΙΖ</subfield>
   <subfield code="7">0</subfield>
   <subfield code="8">KALL</subfield>
   <subfield code="8">694</subfield>
   <subfield code="d">2016-04-13</subfield>
   <subfield code="r">2016-04-13</subfield>
   <subfield code="w">2016-04-13</subfield>
   <subfield code="z">515 ΚΙΖ</subfield>
   <subfield code="o">SEAB KALLIPOS</subfield>
  </datafield>
  <datafield tag="998" ind1=" " ind2=" ">
   <subfield code="a">80</subfield>
   <subfield code="a">01</subfield>
   <subfield code="a">02</subfield>
   <subfield code="a">03</subfield>
   <subfield code="a">04</subfield>
   <subfield code="a">05</subfield>
   <subfield code="a">06</subfield>
   <subfield code="a">07</subfield>
   <subfield code="a">08</subfield>
   <subfield code="a">09</subfield>
   <subfield code="a">10</subfield>
   <subfield code="a">11</subfield>
   <subfield code="a">12</subfield>
   <subfield code="a">13</subfield>
   <subfield code="a">14</subfield>
   <subfield code="a">15</subfield>
   <subfield code="a">16</subfield>
   <subfield code="a">17</subfield>
   <subfield code="a">18</subfield>
   <subfield code="a">19</subfield>
   <subfield code="a">20</subfield>
   <subfield code="a">21</subfield>
   <subfield code="a">22</subfield>
   <subfield code="a">23</subfield>
   <subfield code="a">24</subfield>
   <subfield code="a">25</subfield>
   <subfield code="a">26</subfield>
   <subfield code="b">16-05-17</subfield>
   <subfield code="c">m</subfield>
   <subfield code="d">z  </subfield>
   <subfield code="e">-</subfield>
   <subfield code="f">gre</subfield>
   <subfield code="g">gr </subfield>
   <subfield code="h">0</subfield>
  </datafield>
  <datafield tag="942" ind1=" " ind2=" ">
   <subfield code="2">ddc</subfield>
   <subfield code="c">KALLIPOS</subfield>
  </datafield>
 </record>
</collection>
